| 000 | 01523cam a2200313 i 4500 | ||
|---|---|---|---|
| 001 | 768714001 | ||
| 003 | CO-MdFUSB | ||
| 005 | 20241204155610.0 | ||
| 007 | ta | ||
| 008 | 241203t1985 -sp||||| |||| 00| 0 spa d | ||
| 020 | _a84-7228-935-4 | ||
| 040 | _cCO-MdFUSB | ||
| 041 | 0 | _aspa | |
| 082 | 0 | 4 |
_223 _a236 _bF159p |
| 100 | 1 |
_aFaibarn, Patrick _eautor |
|
| 245 | 1 | 0 |
_aLa profecía : _bsu naturaleza, función e interpretación _c/ Patrick Fairbarn ; traducido por Xavier Vila |
| 264 | 1 |
_aTerrassa, Barcelona, España : _bClie, _c[1985] |
|
| 264 | 4 | _c©1985 | |
| 300 | _a376 Pag | ||
| 336 |
_atexto _btxt _2rdacontent |
||
| 337 |
_2rdamedia _asin mediación _bn |
||
| 338 |
_2rdacarrier _avolumen _bnc |
||
| 505 | _a- La vocación u oficio propio de un profeta y la naturaleza esencial de una profecía - El lugar de la profecía en la historia y la relación orgánica entre las dos - La esfera propia de la profecía: la Iglesia - La relación de la profecía con la libertad y conducta humanas - El estilo y la dicción de la profecía - El carácter interconexo y progresivo de la profecía - El valor apologético de la profecía - El futuro profético del pueblo judío - Futuro profético de la Iglesia y del reino de Cristo - Apéndices: El literalismo profético, esencialmente judáico - Las acciones simbólicas de los profetas - Los discursos de Pedro en Hechos 2 y 3 | ||
| 563 | _aTapa dura | ||
| 653 | _aProfecias | ||
| 700 |
_aVila, Xavier. _92156 _e Traductor |
||
| 942 | _cBK | ||
| 945 | _aMiguel | ||
| 999 |
_c35005 _d35005 |
||